Nonprofit marketing marketing management for charitable and nongovernmental organizations /

Bibliographic Details
Main Author: Wymer, Walter W.
Corporate Author: ProQuest (Firm)
Other Authors: Knowles, Patricia A., Gomes, Roger.
Format: Electronic eBook
Language:English
Published: Thousand Oaks, CA : Sage Publications, c2006.
Subjects:
Online Access:Click to View
LEADER 01469nam a2200397Ia 4500
001 EBC997213
003 MiAaPQ
005 20200520144314.0
006 m o d |
007 cr cn|||||||||
008 050917s2006 caua sb 001 0 eng d
010 |z  2005027277 
020 |z 1412909236 (cloth) 
020 |z 9781412909235 (cloth) 
020 |z 9781452245690 
035 |a (MiAaPQ)EBC997213 
035 |a (Au-PeEL)EBL997213 
035 |a (CaPaEBR)ebr10593981 
035 |a (CaONFJC)MIL673497 
035 |a (OCoLC)809774297 
040 |a MiAaPQ  |c MiAaPQ  |d MiAaPQ 
050 4 |a HF5415  |b .N65 2006 
082 0 4 |a 658.8  |2 22 
100 1 |a Wymer, Walter W. 
245 1 0 |a Nonprofit marketing  |h [electronic resource] :  |b marketing management for charitable and nongovernmental organizations /  |c Walter Wymer, Jr., Patricia Knowles, Roger Gomes. 
260 |a Thousand Oaks, CA :  |b Sage Publications,  |c c2006. 
300 |a ix, 370 p. :  |b ill. 
504 |a Includes bibliographical references and index. 
533 |a Electronic reproduction. Ann Arbor, MI : ProQuest, 2015. Available via World Wide Web. Access may be limited to ProQuest affiliated libraries. 
650 0 |a Nonprofit organizations  |x Marketing. 
650 0 |a Marketing. 
655 4 |a Electronic books. 
700 1 |a Knowles, Patricia A. 
700 1 |a Gomes, Roger. 
710 2 |a ProQuest (Firm) 
856 4 0 |u https://ebookcentral.proquest.com/lib/matrademy/detail.action?docID=997213  |z Click to View